Normal view
MARC view
- العقود العامة -- القانون الخاص -- القانون المدني -- القانون الدولي الخاص
Entry Topical Term
001 - CONTROL NUMBER
- control field: 45928
003 - CONTROL NUMBER IDENTIFIER
- control field: JO-AjAnu
005 - DATE AND TIME OF LATEST TRANSACTION
- control field: 20230606081608.0
008 - FIXED-LENGTH DATA ELEMENTS
- fixed length control field: 230606|| aca||aabn | a|a d
040 ## - CATALOGING SOURCE
- Original cataloging agency: JO-AjAnu
- Transcribing agency: JO-AjAnu
150 ## - HEADING--TOPICAL TERM
- Topical term or geographic name entry element: العقود العامة -- القانون الخاص -- القانون المدني -- القانون الدولي الخاص
670 ## - SOURCE DATA FOUND
- Source citation: Work cat.: (JO-AjAnu)23511: العيسى ، طلال ياسين ، م. مشارك الصباحين ، سهى يحيى , author 45927, العقد الإلكتروني تحديد مفهومه وطبيعته وتكويناته والقانون واجب التطبيق علية